000 00726nam a22002297a 4500
003 UA-OsUOA
001 96402
007 ta
008 20130319b un ||||| |||| 00| 0 ukr d
100 _aМамин-Сибиряк Д.
090 _a821.161.1
_bМ22
942 _cBK
040 _aUA-OsUOA
_brus
_cUA-OsUOA
_dUA-OsUOA
245 _aСобрание сочинений в шести томах
_bТ.1
_cПриваловские миллионы. Рассказы
300 _a606 с.
955 _a3
041 _arus
080 _a821.161.1
260 _aМ.
_bХудожественная литература
_c1980
650 7 _a82 Література. Літературознавство
_2UDC
999 _c382664
_d382664